| 000 | 00545nam a22001817a 4500 | ||
|---|---|---|---|
| 005 | 20251108171846.0 | ||
| 008 | 250721s1981 xx 000 0 ara d | ||
| 082 | 1 | 4 | _a128.1/محم |
| 100 | 1 | _aحسن، محمد عبد الغني | |
| 245 | 1 | 0 | _aمؤلفات رائدة لمؤلفين رواد / |
| 264 | 1 |
_aالقاهرة : _bدار الهلال، _c1981. |
|
| 300 | _a178ص | ||
| 490 | 0 | _aسلسلة ثقافية شهرية | |
| 650 | 1 | 7 | _aالكتب و القرآة |
| 650 | 1 | 7 | _aنقد الكتب |
| 942 |
_2ddc _cBK |
||
| 999 |
_c64424 _d64424 |
||